Jak dobrze znasz Poznań? - Statystyki

Ogólne statystyki
  • Ten quiz został rozwiązany 501 razy
  • Średni wynik to 9 z 15
Statystyki odpowiedzi
Obrazkowy Odpowiedź % Poprawnych
Warta
97%
Stary Browar
91%
Posnania
72%
MTP
69%
Okrąglak
69%
Ławica
66%
Cytadela
60%
Jezioro Maltańskie
60%
Bałtyk
58%
Rondo Kaponiera
58%
Zamek Cesarski
48%
Plac Mickiewicza
41%
Stadion Miesjki
37%
Hotel Bazar
28%
Poznań Financial Center
6%
Nie znaleziono quizów pasujących do podanych kryteriów
Rozkład punktacji
Procent ludzi z każdym wynikiem
Percentyl według liczby udzielonych odpowiedzi
Twoja historia wyników
Nie rozwiązałeś tego quizu